| 000 | 00847cam a2200217 4500 | ||
|---|---|---|---|
| 001 | WB3940-13 | ||
| 008 | 031022n2003 000 0 eng u | ||
| 035 | _a(Sirsi) u123968 | ||
| 245 | _aHousing 'squeezing out' firms, says economist | ||
| 260 | _c2003 | ||
| 490 |
_aRegeneration and Renewal _v 17 October 2003, 4(1) |
||
| 520 | _aEconomic development guru Professor Michael Porter warns that the urban renaissance is being undermined by a tendency to use inner-city land for housing rather than commercial developments. These thoughts go against some of the mainstream regeneration thinking. | ||
| 590 | _aWB | ||
| 650 | _aHOUSING DEVELOPMENTS | ||
| 650 | _aCOMMERCIAL DEVELOPMENTS | ||
| 650 | _aRESIDENTIAL DEVELOPMENTS | ||
| 650 | _aINNER CITY DEVELOPMENT | ||
| 650 | _aREGENERATION POLICY | ||
| 690 | _aREGENERATION | ||
| 942 | _n0 | ||
| 999 |
_c73621 _d73621 |
||